| 000 | 00748nam a2200229 a 4500 | ||
|---|---|---|---|
| 999 |
_c12177 _d12177 |
||
| 001 | 12177 | ||
| 003 | BD-JhCC | ||
| 005 | 20211005134020.0 | ||
| 008 | 210301b 2019bg a|||| ||a| 000 0 mul d | ||
| 020 | _a9789848980842 | ||
| 035 | _a(BD-JhCC)12177 | ||
| 040 |
_aBD-JhCC _dBD-JhCC |
||
| 041 | _amul | ||
| 082 |
_a005.133 _bRAH 2019 |
||
| 100 | _aরহমান, মাহবুবুর | ||
| 245 |
_aপাইথন প্রোগ্রামিং / _c মাহবুবুর রহমান |
||
| 260 |
_aঢাকা: _bসিসটেক পাবলিকেশন্স লিমিটেড; _c2019. |
||
| 300 |
_a143 p. : _bill _c24 cm. |
||
| 650 | _aPython (Computer program language) | ||
| 942 |
_2ddc _cBK _02 |
||